| 000 | 00467cam a2200169ua 4500 | ||
|---|---|---|---|
| 020 | _a0-333-39798-9 | ||
| 041 |
_aeng _h |
||
| 082 |
_a631.584 _bJOH/BU |
||
| 100 | _aJohnson, David T . | ||
| 245 |
_aBusiness of farming: A guide to form business management in the tropics / _cDavid T Johnson. _hTextual Documents |
||
| 250 |
_a1 / _b. |
||
| 260 |
_aLondon : _bMcMillon & Co Ltd , _c1982. |
||
| 300 | _a362 ; . | ||
| 504 | _a | ||
| 942 | _cBK | ||
| 999 |
_c9143 _d9143 |
||